000 00550nam a2200217Ia 4500
003 OSt
005 20220924133148.0
006 a|||||r|||| 00| 0
007 ta
008 220923b |||||||| |||| 00| 0 urd d
024 _a258472
037 _cTextual
040 _aARTS
_cARTS
_burd
041 _2urd
_aurd
082 _aU8.2.N75, 168M5
100 _aZafar ul Hasan
_9205760
245 0 _aWo qurbaten si wo fasale se
260 _c1985
942 _hU8.2.N75, 168M5
_cTEXL
_2CC
999 _c432788
_d432788